000
00247nam a2200109Ia 4500
008
230907s9999||||xx |||||||||||||| ||und||
082
_a
658.8
_b
MAR
100
_a
Armstrong, Gary
_9
115855
245
0
_a
Marketing :
300
_a
643 p.
942
_c
BK
999
_c
599977
_d
599977